000 01224cab a2200289 4500
001 ABS54454
008 090401t1996 xxu||||| |||| 00| 0 eng d
035 _a(Sirsi) u10449
041 _aeng
245 _aFocus `96: new roads programme
260 _c1996
350 _a0
490 _aEstates Gazette
_v(9602) 13 January 1996, 89-100(11)
520 _aExamines the drastic reduction in the publicly funded roadbuilding programme in favour of Design Build Fund and Operate (DBFOs) schemes privately funded under the PFI initiative with comment from industry experts, plans to improve Manchester`s infrastructure, the second Severn crossing due to open Summer 1996 and the impact of the Black Country`s development plan on the region. Lists planned DBFOs as well as those in progress and schemes withdrawn from trunk road programme 1995.
650 _aBLACK COUNTRY
650 _aDESIGN BUILD FINANCE AND OPERATE SCHEMES
650 _aINFRASTRUCTURE PROJECTS
650 _aMANCHESTER
650 _aPFI
650 _aROADBUILDING PROGRAMME
650 _aROADBUILDING
650 _aSEVERN CROSSING
650 _aTRUNK ROADS
690 _aTRANSPORT AND COMMUNICATIONS
942 _n0
948 _c04/03/1997
999 _c6592
_d6592